000 01214nam0a2200277 4500
001 RU\NLR\bibl\503887
005 20260405211259.0
010 _a5-209-01561-0
_9200
035 _a(NLR Aleph) 000496461
090 _a1146362
_c1146362
100 _a20040323d2003 |||y0rusy50 ca
101 0 _arus
102 _aRU
105 _ay |||||||||
200 1 _aПрограмма-справочник по русскому (иностранному) языку для аспирантов и соискателей нефилологических специальностей
_eНауч.-метод. изд.
_fИ.К. Гапочка
210 _aМ.
_cИзд-во Рос. ун-та дружбы народов
_d2003
215 _a67 с.
_d20
320 _aБиблиогр.: с. 49, 64-65
606 0 _aРусский язык
_jУчебные издания для высших учебных заведений
_91533567
_3RU\NLR\auth\66969347
686 _aШ141.12-933.2
700 1 _4070
_8rus
_7ca
_aГапочка
_bИ. К.
_gИнна Константиновна
_3RU\NLR\auth\7794417
_977343
801 0 _aRU
_bNLR
_c20040323
_gPSBO
801 1 _aRU
_bNLR
_c20040323
942 _cBOOK
980 _aNB